00401nam a2200121Ia 4500082001200000100001900012245008500031260003800116300000800154504002600162650007400188710001700262 aTN.0176 aNegi, Bhagwati 0aCommon property natural resource management in Ramgad catchment, Kumaun Himalaya c2004bKumaun University, Nainital a312 aincludes bibliography aNatural resourcesvIndiavKumaun RegionvRamgad catchmentvManagement aTewari, P.C.